000 00669nam a2200277Ia 4500
005 20260324120026.0
008 008 260324s9999 xx 000 0 eng d
020 _a9780429169847
037 _aEBOOK
040 _aCRL
040 _beng
040 _cCRL
041 _2eng
041 _aeng
084 _qCRL
100 _aRobin James Stuart Sloan
_91156934
245 0 _aVirtual Character Design for Games and Interactive Media
260 _bTaylor and Francis
260 _c2015
365 _a
365 _b400
856 _uhttp://www.taylorfrancis.com/books/9780429169847
942 _cEBOOK
999 _c1748225
_d1748225